Statistics for Victoria 2 Powers of 1836 Quiz

Click here to take the quiz!

General Stats

  • This quiz has been taken 346 times
  • The average score is 13 of 16

Answer Stats

HintAnswer% Correct
3.France
100%
1.United Kingdom
100%
4.Prussia
99%
2.Russian Empire
99%
6.Austria
97%
7.Spain
97%
5.The Ottoman Empire
97%
10.The USA
94%
8.The Netherlands
87%
9.Sweden
84%
11.Belgium
80%
14.Brazil
79%
13.Sardinia Piedmont
74%
12.The Two Sicilies
64%
15.Switzerland
45%
16.Greece
37%

Score Distribution

Percentile by Number Answered

Percent of People with Each Score

Your Score History

You have not taken this quiz